Donostia-San Sebastián : (Registro nro. 12685)
[ vista simple ]
| 000 -LEADER | |
|---|---|
| campo de control de longitud fija | 01553cam a22003854i 4500 |
| 003 - IDENTIFICADOR DE NÚMERO DE CONTROL | |
| campo de control | PE-LiUPU |
| 005 - FECHA Y HORA DE LA ÚLTIMA TRANSACCIÓN | |
| campo de control | 20250731183355.0 |
| 008 - DATOS DE LONGITUD FIJA--INFORMACIÓN GENERAL | |
| campo de control de longitud fija | 160928s r 000 0 spa d |
| 020 ## - NÚMERO INTERNACIONAL ESTÁNDAR DEL LIBRO | |
| Número Internacional Estándar del Libro | 9788415042563 |
| 035 ## - NÚMERO DE CONTROL DEL SISTEMA | |
| Número de control de sistema | (Sirsi) a163826 |
| 040 ## - FUENTE DE CATALOGACIÓN | |
| Centro catalogador/agencia de origen | BNM |
| Lengua de catalogación | spa |
| Normas de descripción | rdc |
| Centro/agencia transcriptor | BNM |
| Centro/agencia modificador | ESEHU |
| -- | PE-LiUPU |
| Normas de descripción | rda |
| 041 1# - CÓDIGO DE IDIOMA | |
| Código de lengua del texto/banda sonora o título independiente | spa |
| -- | baq |
| -- | eng |
| -- | fre |
| Código de lengua original | spa |
| 049 ## - FONDOS LOCALES (OCLC) | |
| Biblioteca depositaria | PRUA |
| 082 04 - NÚMERO DE LA CLASIFICACIÓN DECIMAL DEWEY | |
| Número de clasificación | 779 |
| Cutter | B53 |
| Número de edición | 21 |
| 100 1# - ENTRADA PRINCIPAL--NOMBRE DE PERSONA | |
| Nombre de persona | Bielsa, José Manuel |
| Fechas asociadas al nombre | 1955-, |
| Término indicativo de función/relación | autor. |
| 245 ## - MENCIÓN DEL TÍTULO | |
| Título | Donostia-San Sebastián : |
| Resto del título | Arkitekturak = arquitecturas = architectures / |
| Mención de responsabilidad, etc. | Argazkiak = fotografías = photographies = photographs, José Manuel Bielsa ; testua = texto = texte = text, Ana Azpiri Albístegui. |
| 264 ## - PRODUCCIÓN, PUBLICACIÓN, DISTRIBUCIÓN, FABRICACIÓN Y COPYRIGHT | |
| Producción, publicación, distribución, fabricación y copyright | Donostia-San Sebastián : |
| Nombre del de productor, editor, distribuidor, fabricante | Nerea, |
| Fecha de producción, publicación, distribución, fabricación o copyright | 2013. |
| 300 ## - DESCRIPCIÓN FÍSICA | |
| Extensión | 265 páginas : |
| Otras características físicas | ilustraciones ; |
| Dimensiones | 29 centímetros. |
| 336 ## - TIPO DE CONTENIDO | |
| -- | ext |
| Fuente | rdacontent |
| 337 ## - TIPO DE MEDIO | |
| -- | nmediated |
| Fuente | rdamedia |
| 338 ## - TIPO DE SOPORTE | |
| -- | olume |
| Fuente | rdacarrier |
| 505 0# - NOTA DE CONTENIDO CON FORMATO | |
| Nota de contenido con formato | Prersentación -- Una arquitectura con historia -- Arquitecturas -- Galería de imágenes. |
| 526 ## - NOTA DE INFORMACIÓN SOBRE EL PROGRAMA DE ESTUDIO | |
| Nombre del programa | Maestría Bim Facility Management (A distancia) |
| 526 ## - NOTA DE INFORMACIÓN SOBRE EL PROGRAMA DE ESTUDIO | |
| Nombre del programa | |
| 526 ## - NOTA DE INFORMACIÓN SOBRE EL PROGRAMA DE ESTUDIO | |
| Nombre del programa | Educación musical y artes |
| 526 ## - NOTA DE INFORMACIÓN SOBRE EL PROGRAMA DE ESTUDIO | |
| Nombre del programa | Educación, especialidad educación física |
| 526 ## - NOTA DE INFORMACIÓN SOBRE EL PROGRAMA DE ESTUDIO | |
| Nombre del programa | Arquitectura |
| 541 ## - NOTA DE FUENTE DE ADQUISICIÓN DIRECTA | |
| -- | 0020-0001186; |
| 596 ## - | |
| -- | 1 |
| 650 04 - PUNTO DE ACCESO ADICIONAL DE MATERIA--TÉRMINO DE MATERIA | |
| Término de materia o nombre geográfico como elemento de entrada | Fotografía de arquitectura. |
| 650 04 - PUNTO DE ACCESO ADICIONAL DE MATERIA--TÉRMINO DE MATERIA | |
| Término de materia o nombre geográfico como elemento de entrada | Arquitectura |
| Subdivisión geográfica | Gipuzkoa. |
| 700 1# - ENTRADA AGREGADA--NOMBRE PERSONAL | |
| Nombre de persona | Azpiri Albístegui, Ana, |
| Término indicativo de función/relación | autor. |
| 942 ## - ELEMENTOS DE ENTRADA SECUNDARIOS (KOHA) | |
| Fuente del sistema de clasificación o colocación | Clasificación Decimal Dewey |
| Tipo de ítem Koha | |
| 999 ## - NÚMEROS DE CONTROL DE SISTEMA (KOHA) | |
| -- | DEWEY |
| -- | 74840 |
| -- | 2021-11-10 |
| -- | 7 |
| -- | CCODEBUL1 |
| -- | BUL |
| -- | 60.47 |
| -- | 0 |
| -- | Y |
| -- | BOOK |
| -- | 2016-9-28 |
| -- | INGENIERIA |
| -- | P06 |
| -- | COMPRA |
| -- | .STAFF. Colección FIA |
| 980 ## - EQUIVALENCIA O REFERENCIA-CRUZADA-MENCIÓN DE SERIE--NOMBRE DE PERSONA/TÍTULO [LOCAL, CANADÁ] | |
| ID del último usuario que modificó el registro | 1 |
| Nombre del último usuario que modificó el registro | ALBERTO SANCHEZ Responsable de Automatización |
| Visto por última vez | Número de inventario | Total de préstamos | Signatura topográfica completa | Código de barras | Fecha del último préstamo | Copia número | Coste, precio de reemplazo | Fecha de reemplazo | Facultad | Tipo de ítem Koha | Nota pública | Estado de pérdida | Fuente del sistema de clasificación o colocación | Restricciones de uso | No para préstamo | Colección | Programa académico | Biblioteca de origen | Biblioteca actual | Ubicación en estantería | Fecha de adquisición | Fuente de adquisición | Coste, precio normal de compra |
|---|---|---|---|---|---|---|---|---|---|---|---|---|---|---|---|---|---|---|---|---|---|---|---|
| 2025-12-03 | 8 | 1 | 779 B53 | 74840 | 2024-09-11 | e1 | 65.47 | 2016-09-28 | FIA | Libros físicos | inventario-2023-12-13 | No Perdido | Clasificación Decimal Dewey | No restringido | Disponible para préstamos | Colección General | Arquitectura | Biblioteca CRAI UPeU Lima | Biblioteca CRAI UPeU Lima | Sala principal | 2016-09-28 | COMPRA | 60.47 |